000 00805nam a2200241Ia 4500
003 OSt
005 20221005113449.0
006 a|||||r|||| 00| 0
007 ta
008 221004b |||||||| |||| 00| 0 pan d
020 _a8178832186 (hbk)
_c160
024 _a104614
037 _b509, 02/02/2011, H.K. Prakashan
_cTextual
040 _aCRL
_cCRL
_bpan
041 _2pan
_apan
082 _aO153,3:g, P5
100 _aਨੂਰ, ਸੁਤਿੰਦਰ ਸਿੰਘ
245 0 _aਪੰਜਾਬੀ ਗਲਪ ਚੇਤਨਾ
260 _aਲੁਧਿਆਣਾ
_bਚੇਤਨਾ ਭਾਰਤ
_c2005
300 _a152ਪੰ
_ccm.
942 _hO153,3:g, P5
_cTEXL
_2cc
999 _c1028278
_d1028278